Nombres de Países Históricos Divididos - Estadísticas

Estadísticas generales
  • Esta prueba ha sido intentada 32 veces
  • La puntuación promedio es 5 de 20
Estadísticas de respuestas
Country Name % Correcto
SOV IÉT ICA Unión {Soviética}
88%
OTO MA NO Imperio {Otomano}
84%
YUG OSLA VIA Yugoslavia
72%
ZAN BAR Sultanato de {Zanzíbar}
48%
VE NE CIA República de {Venecia}
24%
BIZ ANT INO Imperio {Bizantino}
20%
MAN CHU KUO Manchukuo
20%
CAS TIL LA Reino de {Castilla}
20%
TRA NSVA AL Transvaal
16%
CIR CA SIA Circasia
12%
GW YN EDD Gwynedd
12%
JO SE ON Joseon
12%
NOR THUM BRIA Reino de {Northumbria}
12%
RO DE SIA Rodesia
12%
CO TOMI XTO Coto Mixto
8%
LI VO NIA Livonia
8%
LOT ARIN GIA Lotaringia
8%
MO RES NET Moresnet
8%
BA TA VIA República de {Batavia}
8%
VA LAQ UIA Valaquia
8%
No se encontraron pruebas coincidentes
Distribución de puntuación
Porcentaje de gente con cada puntuación
Porcentaje por número respondido
Historial de tus puntuaciones
No has intentado esta prueba.